Device Electronics for Intergrated Circuits (Record no. 238)
[ view plain ]
| 000 -LEADER | |
|---|---|
| fixed length control field | 00598nam a22002057a 4500 |
| 003 - CONTROL NUMBER IDENTIFIER | |
| control field | OSt |
| 005 - DATE AND TIME OF LATEST TRANSACTION | |
| control field | 20180205190455.0 |
| 008 - FIXED-LENGTH DATA ELEMENTS--GENERAL INFORMATION | |
| fixed length control field | 140716b xxu||||| |||| 00| 0 eng d |
| 020 ## - INTERNATIONAL STANDARD BOOK NUMBER | |
| International Standard Book Number | 9788126510962 |
| 040 ## - CATALOGING SOURCE | |
| Transcribing agency | DDC |
| 082 ## - DEWEY DECIMAL CLASSIFICATION NUMBER | |
| Edition number | 22nd ed. |
| Classification number | 621.38 MUL 2003 |
| Item number | M |
| 100 ## - MAIN ENTRY--PERSONAL NAME | |
| Personal name | Muller, Richard S.; Kamins,Theodore I.; Chan Mansun |
| 9 (RLIN) | 632 |
| 245 ## - TITLE STATEMENT | |
| Title | Device Electronics for Intergrated Circuits |
| 250 ## - EDITION STATEMENT | |
| Edition statement | 3rd ed. |
| 260 ## - PUBLICATION, DISTRIBUTION, ETC. (IMPRINT) | |
| Place of publication, distribution, etc. | New Delhi; |
| Name of publisher, distributor, etc. | Wiley india, |
| Date of publication, distribution, etc. | 2003 |
| 300 ## - PHYSICAL DESCRIPTION | |
| Extent | xviii,528p; |
| Other physical details | ill: |
| Dimensions | 25cm |
| 504 ## - BIBLIOGRAPHY, ETC. NOTE | |
| Bibliography, etc | Answres, & index included |
| 650 ## - SUBJECT ADDED ENTRY--TOPICAL TERM | |
| Topical term or geographic name as entry element | Electronic devices |
| 9 (RLIN) | 633 |
| 942 ## - ADDED ENTRY ELEMENTS (KOHA) | |
| Source of classification or shelving scheme | Dewey Decimal Classification |
| Koha item type | Book Bank |
| Withdrawn status | Lost status | Source of classification or shelving scheme | Damaged status | Not for loan | Home library | Current library | Date acquired | Source of acquisition | Inventory number | Total Checkouts | Full call number | Barcode | Date last seen | Koha item type |
|---|---|---|---|---|---|---|---|---|---|---|---|---|---|---|
| Dewey Decimal Classification | Main Kihumuro Campus | Main Kihumuro Campus | 16/07/2014 | Purchase | 12/36598 | 621.38 MUL 2003 | 2014-0897 | 16/07/2014 | Book Bank | |||||
| Dewey Decimal Classification | Main Kihumuro Campus | Main Kihumuro Campus | 16/07/2014 | Purchase | 12/36597 | 621.38 MUL 2003 | 2014-0898 | 16/07/2014 | Book Bank | |||||
| Dewey Decimal Classification | Main Kihumuro Campus | Main Kihumuro Campus | 16/07/2014 | Purchase | 12/36596 | 621.38 MUL 2003 | 2014-0899 | 16/07/2014 | Book Bank | |||||
| Dewey Decimal Classification | Main Kihumuro Campus | Main Kihumuro Campus | 16/07/2014 | Purchase | 12/36595 | 621.38 MUL 2003 | 2014-0900 | 16/07/2014 | Book Bank | |||||
| Dewey Decimal Classification | Main Kihumuro Campus | Main Kihumuro Campus | 16/07/2014 | Purchase | 12/36594 | 621.38 MUL 2003 | 2014-0901 | 16/07/2014 | Book Bank |
